000 00576cam a22001337a 4500
008 180718b1962 xxu||||| |||| 00| 0 eng d
082 _aP5x774 M582
245 _aSystem of administration of graduate studies at MSU
_cby Michigan State University. Office of Research Development and Graduate School
260 _aEast Lansing
_bThe Office & School
_c1962
300 _a96p.
650 _aMichigan State University
650 _aColleges and Universities - USA - Michigan - Administration
700 _aMichigan State University. Office of Research Development and Graduate School
999 _c480580
_d480580